| 000 | 00794nam a22001575i 4500 | ||
|---|---|---|---|
| 001 | 171018 | ||
| 003 | ES-MaACL | ||
| 005 | 20230906214522.0 | ||
| 008 | 090422s1879 sp |||| | spa d | ||
| 100 | 1 |
_aEstremera, José. _9139900 |
|
| 245 | 1 | 0 |
_aTentar al diablo _b: comedia en dos actos y en verso / _coriginal de José Estremera. |
| 260 |
_aMadrid : _b[s.n.], _c1879 ( _fImp. de José Rodríguez) |
||
| 300 |
_a52 p. ; _c18 cm. |
||
| 500 | _aEn port.: Representada por primera vez en el teatro de Apolo el 10 de octubre de 1879. | ||
| 852 |
_aES-MaACL _jF-8576(14) _z,- Enc. pasta española _q.- Falto de la cub. original _z.- Enc. en un vol. facticio formando parte de la col. "Teatro español moderno", vol. 29 _z.- En anteport. dedicatoria manuscrita del autor: "al primer actor Juan Mela" |
||
| 999 |
_c171018 _d171018 |
||